Largest non-Asian Cities that Haven't Hosted the Olympics - Statistics

General Stats
  • This quiz has been taken 45 times
  • The average score is 13 of 15
Answer Stats
Population Continent Answer % Correct
16,600,000 South America Buenos Aires
100%
21,800,000 North America New York
100%
22,600,000 South America São Paulo
100%
21,500,000 Africa Cairo
98%
9,800,000 South America Bogotá
95%
20,100,000 Africa Lagos
95%
11,100,000 South America Lima
93%
14,200,000 Africa Johannesburg
90%
9,650,000 North America Chicago
88%
7,800,000 South America Santiago
85%
16,200,000 Europe Istanbul
80%
13,900,000 Africa Kinshasa
80%
7,750,000 North America San Francisco
61%
8,550,000 North America Washington
59%
8,450,000 Africa Luanda
54%
No matching quizzes found
Score Distribution
Percent of People with Each Score
Percentile by Number Answered
Your Score History
You have not taken this quiz